[Event "GER MS-249 email"]
[Site "GER email"]
[Date "2016.11.07"]
[Round "?"]
[White "Kruijer, Ralf"]
[Black "Hahn, Werner"]
[Result "0-1"]
[WhiteElo "2063"]
[BlackElo "1994"]
[PlyCount "110"]
[EventDate "2016.11.11"]
[EventType "tourn (corr)"]
[EventRounds "6"]
[EventCountry "GER"]
[SourceTitle "Corr 2020"]
[Source "ChessBase"]
[SourceDate "2019.09.30"]
[SourceVersion "1"]
[SourceVersionDate "2019.09.30"]
[SourceQuality "1"]

1. c4 Nf6 2. Nf3 g6 3. Nc3 Bg7 4. e4 c5 5. d4 0-0 6. Be2 cxd4 7. Nxd4 Nc6 8. Be3 d6 9. 0-0 Bd7 10. Qd2 Nxd4 11. Bxd4 Bc6 12. f3 Nd7 13. Be3 a5 14. b3 Rc8 15. Rab1 Nc5 16. Rfc1 Qb6 17. Bf1 Be5 18. Nd5 Qd8 19. Bg5 Re8 20. Rd1 Ne6 21. Bh4 Bd4+ 22. Kh1 Bg7 23. Qe3 Rb8 24. h3 Rc8 25. a3 Ra8 26. b4 axb4 27. axb4 h6 28. Bg3 Ba4 29. Rd2 Bc6 30. Rbd1 Bxd5 31. exd5 Nf8 32. c5 Qd7 33. Rc2 Rec8 34. c6 bxc6 35. dxc6 Rxc6 36. Bb5 Qf5 37. Rxc6 Qxb5 38. Rb6 Qa4 39. Qd3 Ne6 40. b5 Nc5 41. Qd5 Bf6 42. Rb1 Rd8 43. Rc6 Bd4 44. f4 e6 45. Qf3 Rb8 46. b6 d5 47. f5 Qxc6 48. Bxb8 exf5 49. Bg3 Bf6 50. Qf4 Qe6 51. b7 Nxb7 52. Rxb7 g5 53. Qb8+ Kg7 54. Bd6 Kh7 55. Qf8 Qe1+ 0-1

[Event "GER MS-239 email"]
[Site "GER email"]
[Date "2016.04.13"]
[Round "?"]
[White "Kruijer, Ralf"]
[Black "Hebel, Erich"]
[Result "1-0"]
[WhiteElo "2038"]
[BlackElo "2011"]
[PlyCount "125"]
[EventDate "2016.04.19"]
[EventType "tourn (corr)"]
[EventRounds "6"]
[EventCountry "GER"]
[SourceTitle "Corr 2020"]
[Source "ChessBase"]
[SourceDate "2019.09.30"]
[SourceVersion "1"]
[SourceVersionDate "2019.09.30"]
[SourceQuality "1"]

1. d4 Nf6 2. c4 e6 3. Nf3 b6 4. g3 Be7 5. Bg2 Bb7 6. Nc3 0-0 7. 0-0 Ne4 8. Qc2 Nxc3 9. Qxc3 c5 10. Rd1 d6 11. b3 Nd7 12. Bb2 Bf6 13. Qc2 Qc7 14. e4 Rac8 15. Qe2 a6 16. Rac1 cxd4 17. Nxd4 Nc5 18. Rd2 Rfe8 19. Re1 Be5 20. Qe3 Bf6 21. Ba1 Ba8 22. f3 h6 23. Qe2 Bb7 24. Nc2 Bxa1 25. Nxa1 Bc6 26. Nc2 b5 27. Red1 Red8 28. Nd4 Be8 29. cxb5 axb5 30. f4 b4 31. h4 Rb8 32. Kh2 Qa7 33. Nf3 Qb6 34. Ne1 e5 35. f5 f6 36. Nc2 Qc7 37. Ne3 Bc6 38. Nd5 Bxd5 39. Rxd5 Qe7 40. Qd2 Kf7 41. Qc2 Qc7 42. Bf1 Kf8 43. Bc4 Rb6 44. Kh3 Qe7 45. Qe2 Rc8 46. R5d2 Rc7 47. Qe3 Ke8 48. Ra1 Ra7 49. g4 Rb8 50. g5 fxg5 51. Rg1 Qf6 52. hxg5 hxg5 53. Rh1 Rc7 54. Kg4 Kd7 55. Rhd1 Rb6 56. Rh2 Rb8 57. Rh7 Ke7 58. Bd5 Nd7 59. Rc1 Rcc8 60. Rxc8 Rxc8 61. Qa7 Rd8 62. Qc7 Qf8 63. Bc6 1-0

[Event "GER MS-239 email"]
[Site "GER email"]
[Date "2016.04.13"]
[Round "?"]
[White "Schmidt, Joerg"]
[Black "Kruijer, Ralf"]
[Result "1/2-1/2"]
[WhiteElo "2097"]
[BlackElo "2038"]
[PlyCount "63"]
[EventDate "2016.04.19"]
[EventType "tourn (corr)"]
[EventRounds "6"]
[EventCountry "GER"]
[SourceTitle "Corr 2020"]
[Source "ChessBase"]
[SourceDate "2019.09.30"]
[SourceVersion "1"]
[SourceVersionDate "2019.09.30"]
[SourceQuality "1"]

1. Nf3 Nf6 2. c4 e6 3. Nc3 d5 4. d4 Be7 5. Bf4 0-0 6. e3 Nbd7 7. a3 c5 8. cxd5 Nxd5 9. Nxd5 exd5 10. dxc5 Nxc5 11. Be5 Bg4 12. Be2 Ne4 13. h3 Bh5 14. 0-0 Rc8 15. Nd4 Bxe2 16. Nxe2 Qd7 17. Bd4 a6 18. Qd3 Rfe8 19. Rad1 Bd6 20. b4 Bb8 21. Nf4 f6 22. Bb2 Bxf4 23. exf4 Red8 24. Bd4 Qf5 25. Rfe1 Rc4 26. Qf3 h5 27. Rd3 Rdc8 28. Red1 Rc1 29. Bc5 Rxd1+ 30. Qxd1 Qxf4 31. Be3 Qe5 32. Rxd5 1/2-1/2

[Event "GER MS-224 email"]
[Site "GER email"]
[Date "2015.08.10"]
[Round "?"]
[White "Kruijer, Ralf"]
[Black "Neumann, Walter"]
[Result "1/2-1/2"]
[WhiteElo "2003"]
[BlackElo "2139"]
[PlyCount "77"]
[EventDate "2015.08.17"]
[EventType "tourn (corr)"]
[EventRounds "6"]
[EventCountry "GER"]
[SourceTitle "Corr 2020"]
[Source "ChessBase"]
[SourceDate "2019.09.30"]
[SourceVersion "1"]
[SourceVersionDate "2019.09.30"]
[SourceQuality "1"]

1. Nf3 Nf6 2. c4 c6 3. d4 d5 4. Nc3 e6 5. Bg5 dxc4 6. e4 b5 7. e5 h6 8. Bh4 g5 9. Nxg5 hxg5 10. Bxg5 Nbd7 11. exf6 Bb7 12. g3 c5 13. d5 Qb6 14. Bg2 0-0-0 15. 0-0 b4 16. Na4 Qb5 17. a3 Nb8 18. axb4 cxb4 19. Qg4 Bxd5 20. Rfc1 Nc6 21. Bxd5 Rxd5 22. Rxc4 Rxg5 23. Qd4 Kb8 24. Rxc6 Rxg3+ 25. fxg3 Qxc6 26. Rd1 Qc7 27. b3 Kc8 28. Qe3 Kb8 29. Qd2 Bc5+ 30. Nxc5 Qxc5+ 31. Qd4 Qc3 32. Qxc3 bxc3 33. Rc1 Rc8 34. Kf2 Rc5 35. Ke3 Kc7 36. Kd4 Kd6 37. Rxc3 Rxc3 38. Kxc3 Ke5 39. Kd3 1/2-1/2

[Event "GER MS-211 email"]
[Site "GER email"]
[Date "2015.01.09"]
[Round "?"]
[White "Koentges, Markus"]
[Black "Kruijer, Ralf"]
[Result "1/2-1/2"]
[WhiteElo "2092"]
[BlackElo "2003"]
[PlyCount "73"]
[EventDate "2015.01.16"]
[EventType "tourn (corr)"]
[EventRounds "6"]
[EventCountry "GER"]
[SourceTitle "Corr 2020"]
[Source "ChessBase"]
[SourceDate "2019.09.30"]
[SourceVersion "1"]
[SourceVersionDate "2019.09.30"]
[SourceQuality "1"]

1. d4 Nf6 2. c4 e6 3. Nf3 b6 4. a3 Bb7 5. Nc3 d5 6. cxd5 Nxd5 7. e3 g6 8. Nxd5 exd5 9. Bd3 Bg7 10. b4 0-0 11. 0-0 c6 12. a4 a5 13. bxa5 Rxa5 14. Bd2 Ra7 15. Bb4 Re8 16. a5 Nd7 17. axb6 Qxb6 18. Rxa7 Qxa7 19. Qb3 Qb6 20. Rb1 Ba6 21. Bxa6 Qxa6 22. Bd6 Nf6 23. Qb6 Qxb6 24. Rxb6 Rc8 25. Bb4 Ne4 26. h3 h5 27. g4 hxg4 28. hxg4 f5 29. g5 Rc7 30. Kg2 Kf7 31. Ra6 Rb7 32. Ba3 Rc7 33. Bc5 Rb7 34. Rxc6 Rb2 35. Ne5+ Bxe5 36. dxe5 Nxc5 37. Rxc5 1/2-1/2

[Event "GER MS-211 email"]
[Site "GER email"]
[Date "2015.01.09"]
[Round "?"]
[White "Kruijer, Ralf"]
[Black "Ott, Peter"]
[Result "1-0"]
[WhiteElo "2003"]
[BlackElo "2004"]
[PlyCount "99"]
[EventDate "2015.01.16"]
[EventType "tourn (corr)"]
[EventRounds "6"]
[EventCountry "GER"]
[SourceTitle "Corr 2020"]
[Source "ChessBase"]
[SourceDate "2019.09.30"]
[SourceVersion "1"]
[SourceVersionDate "2019.09.30"]
[SourceQuality "1"]

1. d4 g6 2. c4 Bg7 3. Nc3 Nf6 4. e4 d6 5. Be2 0-0 6. Nf3 e5 7. 0-0 Nc6 8. d5 Ne7 9. Nd2 a5 10. a3 Bd7 11. b3 c6 12. Ra2 Qb8 13. Rc2 Rc8 14. Ndb1 cxd5 15. cxd5 b5 16. b4 Ne8 17. bxa5 Rxa5 18. Be3 f5 19. f3 Nf6 20. Qd2 Nh5 21. Rb2 Nf4 22. Bxb5 Bxb5 23. Rd1 Bh6 24. Kh1 Nd3 25. Rxb5 Bxe3 26. Qxd3 Bb6 27. Rb3 Qa7 28. Nb5 Qd7 29. Nd2 Ra4 30. Rbb1 Bc5 31. Nc4 Raa8 32. Qb3 fxe4 33. fxe4 g5 34. Qg3 h6 35. Nbxd6 Bxd6 36. Nb6 Qc7 37. a4 Kg7 38. Rf1 Rd8 39. Nxa8 Rxa8 40. Rbc1 Qd7 41. Qf2 Ng8 42. Rc6 Rf8 43. Qe2 Ra8 44. Qb2 Rc8 45. Rfc1 Rf8 46. a5 Nf6 47. Qe2 Rb8 48. a6 Qe7 49. h3 g4 50. Qe3 1-0

[Event "GER MS-211 email"]
[Site "GER email"]
[Date "2015.01.09"]
[Round "?"]
[White "Kuna, Heiko"]
[Black "Kruijer, Ralf"]
[Result "1/2-1/2"]
[WhiteElo "1929"]
[BlackElo "2003"]
[PlyCount "90"]
[EventDate "2015.01.16"]
[EventType "tourn (corr)"]
[EventRounds "6"]
[EventCountry "GER"]
[SourceTitle "Corr 2020"]
[Source "ChessBase"]
[SourceDate "2019.09.30"]
[SourceVersion "1"]
[SourceVersionDate "2019.09.30"]
[SourceQuality "1"]

1. e4 e5 2. Nf3 Nc6 3. Bb5 a6 4. Ba4 Nf6 5. 0-0 Be7 6. Re1 b5 7. Bb3 d6 8. c3 0-0 9. h3 Nb8 10. d4 Nbd7 11. Nh4 Re8 12. Nf5 Bf8 13. f3 c5 14. a4 exd4 15. cxd4 Nb6 16. dxc5 dxc5 17. Qxd8 Rxd8 18. axb5 Bxf5 19. exf5 c4 20. Bc2 axb5 21. Rxa8 Rxa8 22. Kf1 b4 23. Be3 Nfd7 24. Nd2 Ra2 25. Rb1 Bc5 26. Ke2 c3 27. Ne4 Bxe3 28. Kxe3 Nd5+ 29. Kd4 Nf4 30. g4 Nxh3 31. Kc4 Rxb2 32. Rxb2 cxb2 33. Kxb4 Ne5 34. Kc3 Nxf3 35. Kxb2 Nhg5 36. Nxg5 Nxg5 37. Kc3 Nh3 38. Bd1 Kf8 39. Kd4 Ke7 40. Ke5 h6 41. Bf3 Ng5 42. Bg2 Nh7 43. Bf3 Nf6 44. Kf4 Kd6 45. g5 hxg5+ 1/2-1/2

[Event "GER MS-192 email"]
[Site "GER email"]
[Date "2014.02.04"]
[Round "?"]
[White "Kruijer, Ralf"]
[Black "Klowski, Bjoern Sigurd"]
[Result "1/2-1/2"]
[WhiteElo "1983"]
[BlackElo "2187"]
[PlyCount "56"]
[EventDate "2014.02.10"]
[EventType "tourn (corr)"]
[EventRounds "6"]
[EventCountry "GER"]
[SourceTitle "Corr 2020"]
[Source "ChessBase"]
[SourceDate "2019.09.30"]
[SourceVersion "1"]
[SourceVersionDate "2019.09.30"]
[SourceQuality "1"]

1. d4 d5 2. c4 dxc4 3. e3 c5 4. Bxc4 e6 5. Nf3 a6 6. 0-0 Nf6 7. Bb3 b5 8. a4 Bb7 9. axb5 axb5 10. Rxa8 Bxa8 11. dxc5 Nbd7 12. Nd4 Bxc5 13. Nxb5 Qb8 14. N1c3 h5 15. Nd4 Ng4 16. f4 e5 17. Nf5 exf4 18. Bxf7+ Kf8 19. Nh4 f3 20. g3 Ndf6 21. Qb3 Qxb3 22. Bxb3 g5 23. Ng6+ Kg7 24. Nxh8 Nxe3 25. Bxe3 Bxe3+ 26. Rf2 Kxh8 27. Be6 Kg7 28. h3 Bb7 1/2-1/2

[Event "GER MS-192 email"]
[Site "GER email"]
[Date "2014.02.04"]
[Round "?"]
[White "Schwarte, Joachim"]
[Black "Kruijer, Ralf"]
[Result "1/2-1/2"]
[WhiteElo "2016"]
[BlackElo "1983"]
[PlyCount "152"]
[EventDate "2014.02.10"]
[EventType "tourn (corr)"]
[EventRounds "6"]
[EventCountry "GER"]
[SourceTitle "Corr 2020"]
[Source "ChessBase"]
[SourceDate "2019.09.30"]
[SourceVersion "1"]
[SourceVersionDate "2019.09.30"]
[SourceQuality "1"]

1. e4 e5 2. Nf3 Nc6 3. Bb5 a6 4. Ba4 Nf6 5. 0-0 Be7 6. Re1 b5 7. Bb3 d6 8. c3 0-0 9. h3 Nb8 10. d4 Nbd7 11. Nbd2 Bb7 12. Bc2 Re8 13. a4 Bf8 14. b3 g6 15. Bb2 c6 16. Bd3 Qc7 17. Qc2 Rac8 18. Rad1 Nh5 19. axb5 cxb5 20. d5 Bg7 21. Be2 Rf8 22. g3 Nhf6 23. Kg2 Ne8 24. g4 h6 25. Kg1 Nb6 26. Nf1 b4 27. Ne3 bxc3 28. Ba1 Nf6 29. Rc1 Qd7 30. Bxc3 h5 31. Nd2 hxg4 32. hxg4 Bh6 33. Qd3 Kg7 34. Bf3 Rh8 35. Ba5 Bxe3 36. fxe3 Na8 37. Qe2 Qe7 38. Qg2 Nh7 39. Kf2 Ng5 40. Rh1 Nh3+ 41. Ke2 Rxc1 42. Rxc1 Ng5 43. Kf2 Nh3+ 44. Ke1 Ng5 45. Bd1 Rc8 46. Rxc8 Bxc8 47. Qe2 Qa7 48. Bd8 f6 49. Qf2 Qf7 50. Qf1 Qf8 51. Ba5 Qh8 52. Qg2 Qh4+ 53. Kf1 Bd7 54. Be2 Bb5 55. Bxb5 axb5 56. Nf3 Nxf3 57. Qxf3 Qh8 58. Kf2 Qc8 59. Bb4 Qd7 60. Qd1 Nb6 61. Kf3 Nc8 62. Qa1 Kf7 63. Qh1 Kg7 64. Qc1 Ne7 65. Qa3 Nc8 66. Qa5 f5 67. exf5 gxf5 68. gxf5 Qxf5+ 69. Ke2 Qc2+ 70. Bd2 Qc5 71. e4 Qc2 72. Qb4 Kf7 73. Ke3 Qb1 74. Qc3 Ne7 75. Bc1 Qa2 76. Qb2 Qa7+ 1/2-1/2

[Event "GER HS-142 email"]
[Site "GER email"]
[Date "2013.01.29"]
[Round "?"]
[White "Kruijer, Ralf"]
[Black "Herzog, Klaus"]
[Result "1-0"]
[WhiteElo "1948"]
[BlackElo "1833"]
[PlyCount "97"]
[EventDate "2013.02.08"]
[EventType "tourn (corr)"]
[EventRounds "6"]
[EventCountry "GER"]
[SourceTitle "Corr 2015"]
[Source "ChessBase"]
[SourceDate "2015.07.17"]
[SourceVersion "1"]
[SourceVersionDate "2015.07.17"]
[SourceQuality "1"]

1. c4 e5 2. Nc3 Nf6 3. Nf3 Nc6 4. g3 d5 5. cxd5 Nxd5 6. Bg2 Nb6 7. 0-0 Be7 8. d3 0-0 9. Be3 Be6 10. Rc1 f6 11. Ne4 Qd7 12. a3 Nd5 13. Qc2 Rfd8 14. Bc5 Bd6 15. Nfd2 Rac8 16. Nc4 Be7 17. Bxe7 Qxe7 18. e3 f5 19. Nc3 Qf7 20. b4 a6 21. Qb2 Nde7 22. Na5 Nxa5 23. bxa5 Nc6 24. Bxc6 bxc6 25. Ne2 Rxd3 26. Qxe5 Bd5 27. Nd4 Rxa3 28. Qxf5 Rf8 29. Qxf7+ Rxf7 30. Nxc6 Bxc6 31. Rxc6 Rxa5 32. Rfc1 Ra2 33. R6c2 Rxc2 34. Rxc2 g6 35. Rc6 a5 36. Rc5 Rf5 37. Rxc7 Rf7 38. Rc8+ Rf8 39. Rc4 Ra8 40. Ra4 Kf7 41. f4 Ke6 42. Kf2 Kd7 43. e4 Kc6 44. Ke3 Kb5 45. Ra1 a4 46. e5 a3 47. Kd4 Ra7 48. Kd5 Kb6 49. Kd6 1-0

[Event "GER HS-127 email"]
[Site "GER email"]
[Date "2012.05.15"]
[Round "?"]
[White "Kruijer, Ralf"]
[Black "Scheiba, Manfred"]
[Result "1/2-1/2"]
[WhiteElo "1948"]
[BlackElo "2063"]
[PlyCount "63"]
[EventDate "2012.05.22"]
[EventType "tourn (corr)"]
[EventRounds "6"]
[EventCountry "GER"]
[SourceTitle "Corr 2015"]
[Source "ChessBase"]
[SourceDate "2015.07.17"]
[SourceVersion "1"]
[SourceVersionDate "2015.07.17"]
[SourceQuality "1"]

1. d4 Nf6 2. Nf3 e6 3. c4 d5 4. Nc3 c6 5. e3 Nbd7 6. Qc2 Bd6 7. Bd3 0-0 8. 0-0 dxc4 9. Bxc4 a6 10. Rd1 b5 11. Bd3 Bb7 12. Ne5 Rc8 13. Nxd7 Qxd7 14. e4 e5 15. Bg5 Qe6 16. d5 Qe7 17. dxc6 Bxc6 18. Qe2 h6 19. Bxf6 Qxf6 20. a4 b4 21. Nd5 Bxd5 22. exd5 a5 23. Rac1 Bc5 24. Rc2 Bd4 25. Rdc1 Rxc2 26. Rxc2 Qd8 27. Qf3 g6 28. g3 Kg7 29. Kg2 f5 30. Ba6 e4 31. Qf4 g5 32. Qc7+ 1/2-1/2